Bezpečné objatie /
V každodennom kolotoči rodičovstva je ľahké stratiť zo zreteľa širšie súvislosti: Ako položíme základy, ktoré pomôžu deťom vyrásť v sebaistých, starostlivých a schopných ľudí? Kľúčovou ingredienciou je vzájomné puto. Keď deti počúvame, vnímame a podporujeme, začnú fungovať všetky ostatné rodičovské...
Uloženo v:
| Hlavní autor: | |
|---|---|
| Médium: | E-kniha |
| Jazyk: | Czech |
| Vydáno: |
Praha :
Albatros Media Slovakia s.r.o.,
2025
|
| Tagy: |
Žádné tagy |
| LEADER | 01569nam a22002297i 4500 | ||
|---|---|---|---|
| 001 | 303386 | ||
| 007 | ta | ||
| 008 | 260519s2025 xr ||||| |||| 00| 0 cze d | ||
| 020 | |a 9788056646984 | ||
| 044 | |a xr | ||
| 100 | 1 | |a Harwood, Eli |4 aut | |
| 245 | 1 | 0 | |a Bezpečné objatie / |c Harwood, Eli |
| 240 | 1 | 0 | |a Raising Securely Attached Kids |
| 264 | 1 | |a Praha : |b Albatros Media Slovakia s.r.o., |c 2025 | |
| 300 | |a 1 online zdroj (296 stran) | ||
| 336 | |a text |b txt |2 rdacontent | ||
| 337 | |a bez média |b n |2 rdamedia | ||
| 338 | |a online zdroj |b cr |2 rdacarrier | ||
| 520 | 2 | |a V každodennom kolotoči rodičovstva je ľahké stratiť zo zreteľa širšie súvislosti: Ako položíme základy, ktoré pomôžu deťom vyrásť v sebaistých, starostlivých a schopných ľudí? Kľúčovou ingredienciou je vzájomné puto. Keď deti počúvame, vnímame a podporujeme, začnú fungovať všetky ostatné rodičovské tipy a triky. Terapeutka a odborníčka na výskum vzťahovej väzby Eli Harwood v tejto príručke rodičom objasňuje, ako môže teória vzťahovej väzby pomôcť našim deťom učiť sa efektívne komunikovať a prosperovať. | |
| 910 | |a RBIT002 | ||
| 998 | |d 426926 |a https://core.palmknihy.cz/api/books/426926/cover?tesghp |b https://core.palmknihy.cz/api/books/426926/cover/400?tesghp |c https://core.palmknihy.cz/api/books/426926/cover/50?tesghp |e 2029-06-03 |g 296 |i 9788056646984 |j https://core.palmknihy.cz/api/books/426926/preview.epub |k https://core.palmknihy.cz/api/books/426926/preview.pdf |l |q 49 |r 1 |s https://www.palmknihy.cz/kniha/426926 |t ebook |y 2025 |z 1 | ||
| 999 | |d 303384 | ||